Statistics for Real Madrid - Napoli UEFA Champions League 2016-17

Click here to take the quiz!

General Stats

  • This quiz has been taken 188 times
    (185 since last reset)
  • The average score is 20 of 29

Answer Stats

Answer% Correct
Cristiano Ronaldo
99%
Marcelo
97%
Sergio Ramos
96%
Keylor Navas
95%
Luka Modric
95%
Toni Kroos ¹
93%
Casemiro ¹
92%
Raphaël Varane
91%
Dani Carvajal
91%
Dries Mertens
84%
Zinédine Zidane
79%
Lorenzo Insigne ¹
77%
Marek Hamsik
73%
Pepe Reina
72%
José Callejon
71%
Kalidou Koulibaly
69%
Lucas Vazquez
67%
Raul Albiol
59%
Alvaro Morata
59%
Pepe
57%
Maurizio Sarri
55%
Arkadiusz Milik
52%
James Rodriguez
50%
Allan
50%
Faouzi Ghoulam
49%
Piotr Zielinski
47%
Karim Benzema ¹
47%
Elseid Hysaj
46%
Amadou Diawara
28%

Score Distribution

Percentile by Number Answered

Percent of People with Each Score

Your Score History

You have not taken this quiz since the last reset